01489nam a2200229 a 450000100060000000300090000600800410001504000280005608200170008410000380010124500680013926000310020730000190023850506060025759000690086365000540093265000480098665000440103494200120107899900170109095201520110721132CO-ViMGA141112s2004 ck r 000 u spa d aCO-ViMGAbspacCO-ViMGA04a332.26 R637n1 aRodríguez Azuero, Sergio93021910aNegocios fiduciarios : bsu significación en América Latina aBogotá : bLegis, c2007 a663p.+CD - ROM aAproximación histórica a la noción de fiducia Antecedentes próximos y desarrollo de la figura La fiducia en Colombia La fiducia en el derecho LatinoAméricano La convencion de la Haya sobre el Trust El proyecto de la Ley francesa sobre fiducia Fiducia mercantil El acto jurídico en general El contrato de fideicomiso o fiducia mercantil Responsabilidad civil del fiduciario Negocios y productos fiduciarios Principales productos fiduciarios Productos derivados de la fiducia pública Aspectos tecnicos del negocio fiduciario Regulación fiscal y contable del contrato de fiducia mercantil aForma de adquisición : Compra Legis, 2007 - - Precio : 93.00014aCOMPAÑIAS FIDUCIARIAS - América LATINA93022014aDERECHO COMERCIAL - América LATINA93022114aFIDUCIA - LEGISLACION - COLOMBIA930222 2ddccBK c29838d29838 00102ddc40708002aMEVIECARbMEVIECARd2015-12-04hVolumen. 1 | 11/jun/2009l0o332.26 R637n p21132r2015-12-04 00:00:00tEj. 1w2015-12-04yBK